|
|
|
|
| LEADER |
01572nam a2200433 i 4500 |
| 001 |
nkc20203245343 |
| 003 |
CZ PrNK |
| 005 |
20201009082544.0 |
| 007 |
ta |
| 008 |
200904s2019 xr a d p 001 0 cze |
| 015 |
|
|
|a cnb003245343
|
| 020 |
|
|
|a 978-80-263-1493-6
|q (brožováno)
|
| 035 |
|
|
|a (OCoLC)1204254268
|
| 040 |
|
|
|a OLA001
|b cze
|e rda
|
| 072 |
|
7 |
|a 621.3
|x Elektrotechnika
|2 Konspekt
|9 19
|
| 072 |
|
7 |
|a 37.016
|x Učební osnovy. Vyučovací předměty. Učebnice
|2 Konspekt
|9 22
|
| 080 |
|
|
|a 621.3
|2 MRF
|
| 080 |
|
|
|a (075.3)
|2 MRF
|
| 100 |
1 |
|
|a Wojnar, Jiří,
|d 1958-
|7 mzk2009502709
|4 aut
|
| 245 |
1 |
0 |
|a Základy elektrotechniky I /
|c Jiří Wojnar
|
| 250 |
|
|
|a V Tribunu EU 4. aktualizované vydání
|
| 264 |
|
1 |
|a Brno :
|b Tribun EU s.r.o.,
|c 2019
|
| 300 |
|
|
|a 286 stran :
|b ilustrace (některé barevné) ;
|c 30 cm
|
| 336 |
|
|
|a text
|b txt
|2 rdacontent
|
| 337 |
|
|
|a bez média
|b n
|2 rdamedia
|
| 338 |
|
|
|a svazek
|b nc
|2 rdacarrier
|
| 490 |
1 |
|
|a Knihovnicka.cz
|
| 504 |
|
|
|a Obsahuje bibliografii a rejstřík
|
| 650 |
0 |
7 |
|a elektrotechnika
|7 ph114460
|2 czenas
|
| 650 |
0 |
9 |
|a electric engineering
|2 eczenas
|
| 655 |
|
7 |
|a učebnice středních škol
|7 fd133771
|2 czenas
|
| 655 |
|
9 |
|a textbooks (secondary)
|2 eczenas
|
| 830 |
|
0 |
|a Knihovnicka.cz
|0 s
|
| 910 |
2 |
|
|a BOA001
|b 4-1453.320
|
| 990 |
|
|
|a BK
|
| 995 |
|
|
|a 01
|
| 991 |
|
|
|b 202009
|c NOV
|
| 996 |
6 |
|
|b 2610838075
|c 4-1453.320
|l MZK
|r Sklad / do 1 hodiny
|n 1
|p p.v.
|w 001823865
|u 000010
|a 1
|e BOA001
|j MZK50
|s P
|
| 996 |
7 |
|
|b 2610838076
|c 4-1453.320
|l MZK
|r Sklad / do 1 hodiny
|n 7
|p p.v.
|w 001823865
|u 000020
|a 1
|e BOA001
|j MZK50
|s A
|